| 000 | 00765nam a2200253Ia 4500 | ||
|---|---|---|---|
| 001 | dia_2269 | ||
| 003 | CHAP | ||
| 005 | 20230620143712.0 | ||
| 008 | 220117s1967 xx 000 0 und d | ||
| 010 | _a172789 | ||
| 040 | _cCHAP | ||
| 082 | _a641.452 I565 | ||
| 110 |
_aInstituto Internacional del Frío _9133570 |
||
| 245 |
_aRecommended Conditions for Cold Storage of Pereshable Produce / _c por el Instituto Internacional del Frío |
||
| 250 | _a2 | ||
| 260 |
_aParís : _bInstituto Internacional del Frío, _c1967 |
||
| 300 | _a99 p. | ||
| 650 | _a1.Frigoríficos/ | ||
| 650 |
_aAlimentos congelados. _94302 |
||
| 901 | _a641.452 I565 | ||
| 902 | _aM | ||
| 905 | _a0000001967 PARX 0000000000FRA00 | ||
| 942 |
_cLIBRO _2ddc |
||
| 999 |
_c172789 _d172789 |
||